[Event "Targu Mures op 3rd"]
[Site "Targu Mures"]
[Date "2022.06.07"]
[Round "5"]
[White "Puskas, Janos"]
[Black "Iuga, Ioan Alexandru"]
[Result "1/2-1/2"]
[WhiteElo "2041"]
[BlackElo "1784"]
[PlyCount "40"]
[EventDate "2022.06.05"]
[EventType "swiss"]
[EventRounds "9"]
[EventCountry "ROU"]
[SourceTitle "EXT 2024"]
[Source "ChessBase"]
[SourceDate "2023.10.10"]
[SourceVersion "1"]
[SourceVersionDate "2023.10.10"]
[SourceQuality "1"]

1. Nf3 Nf6 2. c4 e6 3. d4 d5 4. g3 a6 5. Bg2 dxc4 6. 0-0 b5 7. Ne5 Nd5 8. e4 Nf6 9. a4 Bb7 10. axb5 axb5 11. Rxa8 Bxa8 12. Nc3 c6 13. d5 Bd6 14. Nxc6 Nxc6 15. dxc6 Bxc6 16. Re1 e5 17. Nd5 0-0 18. Bg5 Be7 19. Nxe7+ Qxe7 20. Qf3 Rd8 1/2-1/2

[Event "Targu Mures op 3rd"]
[Site "Targu Mures"]
[Date "2022.06.05"]
[Round "2"]
[White "Andronescu, Madalin"]
[Black "Iuga, Ioan Alexandru"]
[Result "0-1"]
[WhiteElo "2076"]
[BlackElo "1784"]
[PlyCount "37"]
[EventDate "2022.06.05"]
[EventType "swiss"]
[EventRounds "9"]
[EventCountry "ROU"]
[SourceTitle "EXT 2024"]
[Source "ChessBase"]
[SourceDate "2023.10.10"]
[SourceVersion "1"]
[SourceVersionDate "2023.10.10"]
[SourceQuality "1"]

1. e4 e6 2. d4 d5 3. Nc3 Nf6 4. e5 Nfd7 5. f4 c5 6. Nf3 Nc6 7. Be3 Be7 8. Qd2 0-0 9. dxc5 Qa5 10. Nb5 Qxd2+ 11. Kxd2 Nxc5 12. c3 f6 13. exf6 gxf6 14. Kc2 e5 15. Bxc5 Bxc5 16. fxe5 fxe5 17. Nc7 Bf5+ 18. Bd3 e4 19. Bf1 0-1

[Event "Satu Mare Szabo Memorial"]
[Site "Satu Mare"]
[Date "2021.08.11"]
[Round "4"]
[White "Iuga, Ioan Alexandru"]
[Black "Serban, Cristian Stefan"]
[Result "0-1"]
[WhiteElo "1635"]
[BlackElo "1992"]
[PlyCount "38"]
[EventDate "2021.08.08"]
[EventType "swiss"]
[EventRounds "9"]
[EventCountry "ROU"]
[SourceTitle "CBM 203 Extra"]
[Source "ChessBase"]
[SourceDate "2021.09.30"]
[SourceVersion "1"]
[SourceVersionDate "2021.09.30"]
[SourceQuality "1"]

1. e4 c5 2. c3 Nf6 3. e5 Nd5 4. d4 cxd4 5. Nf3 Nc6 6. cxd4 d6 7. Bc4 Nb6 8. Bb3 dxe5 9. Nxe5 Nxe5 10. dxe5 Qxd1+ 11. Bxd1 Bd7 12. 0-0 e6 13. Bf3 Nc4 14. Bxb7 Rb8 15. Be4 Nxe5 16. Nd2 g6 17. f4 Bc5+ 18. Kh1 Ng4 19. h3 Nf2+ 0-1

[Event "ROM-ch U14"]
[Site "Mamaia"]
[Date "2021.04.11"]
[Round "6"]
[White "Donici Maier, David"]
[Black "Iuga, Ioan Alexandru"]
[Result "1-0"]
[WhiteElo "1298"]
[BlackElo "1684"]
[PlyCount "71"]
[EventDate "2021.04.07"]
[EventType "swiss"]
[EventRounds "9"]
[EventCountry "ROU"]
[SourceTitle "EXT 2022"]
[Source "ChessBase"]
[SourceDate "2021.10.06"]
[SourceVersion "1"]
[SourceVersionDate "2021.10.06"]
[SourceQuality "1"]

1. e4 e6 2. d4 d5 3. Nd2 Nf6 4. e5 Nfd7 5. Bd3 c5 6. c3 Nc6 7. Ne2 cxd4 8. cxd4 f6 9. exf6 Nxf6 10. 0-0 Bd6 11. Nf3 0-0 12. a3 e5 13. dxe5 Nxe5 14. Nxe5 Bxe5 15. h3 b6 16. Rb1 Bb7 17. Bf4 Qd6 18. Bxe5 Qxe5 19. Ng3 Ne4 20. Qe2 Rae8 21. Rbe1 Qg5 22. Bxe4 dxe4 23. Qe3 Qe5 24. b4 Bd5 25. f4 Qf6 26. Nh5 Qf7 27. g4 g6 28. Ng3 Bc4 29. Rf2 Bd3 30. f5 Qg7 31. Kh1 h6 32. h4 g5 33. Nh5 Qe7 34. f6 Qd7 35. Rf5 gxh4 36. Qxh6 1-0

[Event "Hannibal Online op U12"]
[Site "Chess.com INT"]
[Date "2020.06.08"]
[Round "8"]
[White "Chireacova, Ecaterina"]
[Black "Iuga, Ioan Alexandru"]
[Result "0-1"]
[WhiteElo "1079"]
[BlackElo "1613"]
[PlyCount "138"]
[EventDate "2020.06.01"]
[EventType "swiss"]
[EventRounds "9"]
[EventCountry "MDA"]
[SourceTitle "CBM 196 Extra"]
[Source "ChessBase"]
[SourceDate "2020.07.31"]
[SourceVersion "1"]
[SourceVersionDate "2020.07.31"]
[SourceQuality "1"]

1. e4 e6 2. Nf3 d5 3. exd5 exd5 4. d4 Bd6 5. Nc3 c6 6. Bd3 Nf6 7. h3 0-0 8. 0-0 Re8 9. Be3 Be6 10. Ng5 Nbd7 11. f4 Bxh3 12. Qf3 Bg4 13. Qf2 h6 14. Nf3 Ne4 15. Bxe4 dxe4 16. Nh2 Nf6 17. Qh4 Qd7 18. Rae1 Bf5 19. a3 Be7 20. Qf2 Nd5 21. Nxd5 cxd5 22. Qe2 Bh4 23. Rc1 Bg3 24. Qh5 Kh7 25. c4 g6 26. Qe2 Qe7 27. Bf2 Bxf4 28. Rc3 dxc4 29. Rxc4 e3 30. Be1 Qd6 31. Nf3 Rac8 32. Rxc8 Rxc8 33. Bb4 Qc7 34. Nh4 Be6 35. Qe1 Bg3 36. Qxe3 Bxh4 37. Qe4 Be7 38. Bxe7 Qxe7 39. d5 Qc5+ 40. Kh1 Qxd5 41. Qe2 Qh5+ 42. Qxh5 gxh5 43. Rd1 Rc2 44. Kg1 Rxb2 45. Rc1 Bd5 46. Rc7 Rxg2+ 47. Kf1 Ra2 48. Rc3 Rb2 49. Ke1 Rb3 50. Rxb3 Bxb3 51. Kd2 h4 52. Ke3 a5 53. Kf4 b5 54. Kg4 b4 55. axb4 axb4 56. Kxh4 Be6 57. Kg3 b3 58. Kf3 b2 59. Ke3 b1Q 60. Kd4 Qg6 61. Ke3 h5 62. Kd4 h4 63. Ke3 h3 64. Kd4 h2 65. Ke3 h1Q 66. Kd4 Qd1+ 67. Kc5 Qgc2+ 68. Kb6 Qdb1+ 69. Ka7 Qca2# 0-1

[Event "Hannibal Online op U12"]
[Site "Chess.com INT"]
[Date "2020.06.01"]
[Round "1"]
[White "Iuga, Ioan Alexandru"]
[Black "Targon, Roxana"]
[Result "1-0"]
[WhiteElo "1613"]
[BlackElo "1015"]
[PlyCount "47"]
[EventDate "2020.06.01"]
[EventType "swiss"]
[EventRounds "9"]
[EventCountry "MDA"]
[SourceTitle "CBM 196 Extra"]
[Source "ChessBase"]
[SourceDate "2020.07.31"]
[SourceVersion "1"]
[SourceVersionDate "2020.07.31"]
[SourceQuality "1"]

1. e4 g6 2. d4 Bg7 3. Nc3 d6 4. f4 Nf6 5. Nf3 0-0 6. Be3 b6 7. e5 Ng4 8. Bg1 c5 9. dxc5 dxc5 10. Bd3 Bb7 11. Qe2 Qc8 12. 0-0-0 Nc6 13. Be4 f5 14. Bd5+ e6 15. Bxc6 Bxc6 16. Rd6 Bh6 17. Ng5 Nxe5 18. Nxe6 Re8 19. Qxe5 Bf8 20. Bf2 Qb7 21. Rdd1 Bxg2 22. Rhe1 Rac8 23. Nd5 Bh6 24. Nf6+ 1-0